ARRUPE JESUIT UNIVERSITY

CORONAVIRUS -STOP THE SPREAD - CLEAN,DISINFECT,COVER

Wellington (Record no. 130296)

MARC details
000 -LEADER
fixed length control field 00404nam a22001337a 4500
008 - FIXED-LENGTH DATA ELEMENTS--GENERAL INFORMATION
fixed length control field 200204b ||||| |||| 00| 0 eng d
050 ## - LIBRARY OF CONGRESS CALL NUMBER
Classification number DA68.12.W4
Item number L6
100 ## - MAIN ENTRY--PERSONAL NAME
Personal name Longford, Elizabeth
9 (RLIN) 40200
245 ## - TITLE STATEMENT
Title Wellington
Remainder of title pillar of state
Statement of responsibility, etc Elizabeth Longford
260 ## - PUBLICATION, DISTRIBUTION, ETC. (IMPRINT)
Place of publication, distribution, etc Herts
Name of publisher, distributor, etc Panther Books
Date of publication, distribution, etc 1972
300 ## - PHYSICAL DESCRIPTION
Extent 574p. ;
Dimensions 18cm.
600 ## - SUBJECT ADDED ENTRY--PERSONAL NAME
Personal name Wellington, Arthur Wellesky
9 (RLIN) 49355
942 ## - ADDED ENTRY ELEMENTS (KOHA)
Source of classification or shelving scheme Library of Congress Classification
Item type Monograph ( Printed materials)
Holdings
Withdrawn status Lost status Source of classification or shelving scheme Damaged status Not for loan Collection code Home library Current library Shelving location Date acquired Total Checkouts Full call number Barcode Date last seen Price effective from Koha item type
    Library of Congress Classification     Main Collection ARRUPE LIBRARY ARRUPE LIBRARY Main Collection 04/02/2020   DA68.12.W4 L6 46600006544 04/02/2020 04/02/2020 Monograph ( Printed materials)

 

Arrupe Library. PO Box MP320 Mt Pleasant, Harare, Zimbabwe
263 242 745411|librarian@aju.ac.zw